000 00539 a2200169 4500
005 20250612104028.0
020 _a 978-1-5268-4949-6
082 _a658.15 HIL
100 _aHILLIER, D.
245 _aFinancial Markets and Corporate Strategy
250 _a3rd Ed.
260 _aNew York,
_bMcgraw-Hill Education,
_c2023.
300 _axv, 781p.: Ill.; figures & table.
_bIndex
_c26cm.
700 _aGRINBLATT, M. & TITMAN, S.
856 _yAccess Online Book
_fFinancial Markets and Strategy
_dwww,mheducation.co.uk
942 _2ddc
_cBKS
999 _c3838
_d3838